3D imaging, analysis and applications / (Record no. 22308)
[ view plain ]
| 000 -LEADER | |
|---|---|
| fixed length control field | 01841cam a22002895a 4500 |
| 001 - CONTROL NUMBER | |
| control field | 17295040 |
| 005 - DATE AND TIME OF LATEST TRANSACTION | |
| control field | 20160906131048.0 |
| 008 - FIXED-LENGTH DATA ELEMENTS--GENERAL INFORMATION | |
| fixed length control field | 120511t2012 enka frb 001 0 eng d |
| 020 ## - INTERNATIONAL STANDARD BOOK NUMBER | |
| International Standard Book Number | 9781447140627 |
| 040 ## - CATALOGING SOURCE | |
| Original cataloging agency | BTCTA |
| Language of cataloging | eng |
| Transcribing agency | BTCTA |
| Modifying agency | YDXCP |
| -- | BWX |
| -- | IXA |
| -- | CDX |
| -- | MUU |
| -- | OCLCF |
| -- | OCLCQ |
| -- | DLC |
| -- | EG-ScBUE |
| 082 04 - DEWEY DECIMAL CLASSIFICATION NUMBER | |
| Edition number | 22 |
| Classification number | 006.693 |
| Item number | IMG |
| 245 00 - TITLE STATEMENT | |
| Title | 3D imaging, analysis and applications / |
| Statement of responsibility, etc | editors Nick Pears, Yonghuai Liu, Peter Bunting. |
| 260 ## - PUBLICATION, DISTRIBUTION, ETC. (IMPRINT) | |
| Place of publication, distribution, etc | London : |
| Name of publisher, distributor, etc | Springer-Verlag, |
| Date of publication, distribution, etc | c.2012. |
| 300 ## - PHYSICAL DESCRIPTION | |
| Extent | xvi, 499 p. : |
| Other physical details | ill. ; |
| Dimensions | 24 cm. |
| 500 ## - GENERAL NOTE | |
| General note | Index : p. 497-499. |
| 504 ## - BIBLIOGRAPHY, ETC. NOTE | |
| Bibliography, etc | Includes bibliographical references. |
| 505 0# - FORMATTED CONTENTS NOTE | |
| Formatted contents note | 1. Introduction / Reinhard Koch, Nick Pears, and Yonghuai Liu -- 2. Passive 3D imaging / Stephen Se and Nick Pears -- 3. Active 3D imaging systems / Marc-Antoine Drouin and Jean-Angelo Beraldin -- 4. Representing, storing and visualizing 3D data / William A.P. Smith -- 5. Feature-based methods in 3D shape analysis / Alexander M. Bronstein, Michael M. Bronstein, and Maks Ovsjanikov -- 6. 3D shape registration / Umberto Castellani and Adrien Bartoli -- 7. 3D shape matching for retrieval and recognition / Benjamin Bustos and Ivan Sipiran -- 8. 3D face recognition / Ajmal Mian and Nick Pears -- 9. 3D digital elevation model generation / Hong Wei and Marc Bartels -- 10. High-resolution three-dimensional remote sensing for forest measurement / Hans-Erik Anderson -- 11. 3D medical imaging / Philip G. Batchlor, P.J. "Eddie" Edwards, and Andrew P. King. |
| 650 #0 - SUBJECT ADDED ENTRY--TOPICAL TERM | |
| Topical term or geographic name as entry element | Three-dimensional imaging. |
| Source of heading or term | BUEsh |
| 650 #7 - SUBJECT ADDED ENTRY--TOPICAL TERM | |
| Topical term or geographic name as entry element | Computer vision. |
| Source of heading or term | BUEsh |
| 9 (RLIN) | 18312 |
| 650 #0 - SUBJECT ADDED ENTRY--TOPICAL TERM | |
| Topical term or geographic name as entry element | Three-dimensional imaging in biology. |
| Source of heading or term | BUEsh |
| 9 (RLIN) | 41031 |
| 651 ## - SUBJECT ADDED ENTRY--GEOGRAPHIC NAME | |
| Source of heading or term | BUEsh |
| 653 ## - INDEX TERM--UNCONTROLLED | |
| Resource For college | Informatics and Computer Science |
| Arrived date list | September2016 |
| 700 1# - ADDED ENTRY--PERSONAL NAME | |
| Personal name | Pears, Nick, |
| Relator term | editor. |
| 700 1# - ADDED ENTRY--PERSONAL NAME | |
| Personal name | Liu, Yonghuai, |
| Relator term | editor. |
| 700 1# - ADDED ENTRY--PERSONAL NAME | |
| Personal name | Bunting, Peter, |
| Relator term | editor. |
| 942 ## - ADDED ENTRY ELEMENTS (KOHA) | |
| Source of classification or shelving scheme | Dewey Decimal Classification |
| Withdrawn status | Item status | Source of classification or shelving scheme | Damaged status | Not for loan | Vendor | Home library | Current library | Shelving location | Date acquired | Source of acquisition | Cost, normal purchase price | Serial Enumeration / chronology | Total Checkouts | Total Renewals | Full call number | Barcode | Date last seen | Date last borrowed | Cost, replacement price | Koha item type |
|---|---|---|---|---|---|---|---|---|---|---|---|---|---|---|---|---|---|---|---|---|
| Dewey Decimal Classification | Scientific home BookShop | Central Library | Central Library | Lower Floor | 06/09/2016 | Purchase | 850.00 | 2691 | 1 | 1 | 006.693 IMG | 000033542 | 15/07/2025 | 16/10/2019 | 1062.50 | Book - Borrowing |